[Event "Foment Martinenc op-A 23rd"]
[Site "Barcelona"]
[Date "2023.04.29"]
[Round "2"]
[White "Jimenez Munoz, Jaume"]
[Black "Serrano Batova, Vicent"]
[Result "1-0"]
[WhiteElo "1775"]
[BlackElo "2142"]
[PlyCount "91"]
[EventDate "2023.04.22"]
[EventType "swiss"]
[EventRounds "9"]
[EventCountry "ESP"]
[SourceTitle "EXT 2024"]
[Source "ChessBase"]
[SourceDate "2023.10.10"]
[SourceVersion "1"]
[SourceVersionDate "2023.10.10"]
[SourceQuality "1"]

1. e4 g6 2. d4 Bg7 3. Nc3 a6 4. Be3 b5 5. Qd2 Bb7 6. f3 d5 7. e5 c5 8. f4 cxd4 9. Bxd4 Nc6 10. Bf2 e6 11. Nf3 Qc7 12. 0-0-0 Nge7 13. Kb1 Na5 14. b3 Bf8 15. Bxb5+ Nec6 16. Bf1 Bb4 17. Qd3 Nxe5 18. Nxe5 Qxc3 19. Bd4 Qc7 20. Nc6 Nxc6 21. Bxh8 Qxf4 22. Bb2 0-0-0 23. g3 Qc7 24. Bg2 Kb8 25. Rhf1 f5 26. a3 Bc5 27. Qe2 e5 28. Rxd5 Rxd5 29. Bxd5 Nd4 30. Qc4 Bxa3 31. Qxc7+ Kxc7 32. Bxb7 Bxb2 33. Bxa6 Bc3 34. g4 e4 35. gxf5 gxf5 36. Kc1 Kd6 37. Kd1 Ke5 38. Rg1 Nf3 39. Rg3 Nxh2 40. Rxc3 f4 41. Rc5+ Kd4 42. Rh5 Ng4 43. Rxh7 f3 44. Rh4 Nf6 45. Kd2 Ke5 46. Bb7 1-0

[Event "Barcelona La Lira op 38th"]
[Site "Barcelona"]
[Date "2020.02.07"]
[Round "4"]
[White "Costa Trave, Jaume"]
[Black "Jimenez Munoz, Jaume"]
[Result "0-1"]
[WhiteElo "1702"]
[BlackElo "1833"]
[PlyCount "100"]
[EventDate "2020.01.17"]
[EventType "swiss"]
[EventRounds "8"]
[EventCountry "ESP"]
[SourceTitle "CBM 195 Extra"]
[Source "ChessBase"]
[SourceDate "2020.05.31"]
[SourceVersion "1"]
[SourceVersionDate "2020.05.31"]
[SourceQuality "1"]

1. e4 c5 2. d4 e6 3. c3 d5 4. e5 Nc6 5. a3 Qb6 6. Nf3 Nge7 7. Bd3 Ng6 8. 0-0 Be7 9. b4 cxd4 10. cxd4 Bd7 11. Be3 Rc8 12. Nbd2 0-0 13. Nb3 Nb8 14. Qd2 Bb5 15. Rfc1 Bxd3 16. Qxd3 Nd7 17. Nc5 Bxc5 18. dxc5 Qc7 19. Bd4 Ndxe5 20. Nxe5 Nxe5 21. Qg3 Ng6 22. a4 Qxg3 23. hxg3 e5 24. Bb2 f6 25. b5 Ne7 26. a5 a6 27. b6 Nc6 28. Kf1 Rfd8 29. Ke2 Kf7 30. Kd3 Ke6 31. f3 d4 32. Re1 Nb4+ 33. Kc4 Nc2 34. Rac1 Nxe1 35. Rxe1 Rd5 36. Ba3 d3 37. Rd1 Rd4+ 38. Kc3 Kd5 39. Bb4 Kc6 40. Kb3 Kb5 41. Bc3 Rd5 42. Bb4 Rcd8 43. Rd2 Rd4 44. Bc3 Rc4 45. g4 Rxc5 46. g5 Kc6 47. gxf6 gxf6 48. Bb4 Rb5 49. Rd1 Rd4 50. Rc1+ Kd5 0-1

[Event "Barcelona La Lira op 38th"]
[Site "Barcelona"]
[Date "2020.01.17"]
[Round "1"]
[White "Jimenez Munoz, Jaume"]
[Black "Sanchez Coves, Juan Josep"]
[Result "1-0"]
[WhiteElo "1833"]
[BlackElo "1509"]
[PlyCount "77"]
[EventDate "2020.01.17"]
[EventType "swiss"]
[EventRounds "8"]
[EventCountry "ESP"]
[SourceTitle "CBM 195 Extra"]
[Source "ChessBase"]
[SourceDate "2020.05.31"]
[SourceVersion "1"]
[SourceVersionDate "2020.05.31"]
[SourceQuality "1"]

1. e4 d6 2. d4 Nf6 3. Nc3 g6 4. f3 Bg7 5. Be3 0-0 6. Qd2 Nbd7 7. 0-0-0 Re8 8. Bc4 c6 9. g4 b5 10. Bb3 a5 11. a4 b4 12. Nce2 Nf8 13. h4 Be6 14. h5 Bxb3 15. cxb3 e5 16. hxg6 fxg6 17. Nh3 c5 18. dxe5 dxe5 19. Qc2 Qc7 20. Kb1 Ne6 21. Qc4 Kh8 22. Ng5 Nxg5 23. Bxg5 Qb6 24. Rh3 Ra7 25. Rdh1 Rd7 26. Bh6 Qd6 27. Bxg7+ Kxg7 28. Ng3 Qd3+ 29. Qxd3 Rxd3 30. g5 Nh5 31. Nxh5+ gxh5 32. Rxh5 Kg6 33. Rxh7 Kxg5 34. Rf7 Kg6 35. Rf5 Rxb3 36. Rg1+ Kh6 37. Rf6+ Kh7 38. Rf5 c4 39. Rh5# 1-0

[Event "Barcelona La Lira op 37th"]
[Site "Barcelona"]
[Date "2019.01.18"]
[Round "1"]
[White "Elias Arguelles, Manuel"]
[Black "Jimenez Munoz, Jaume"]
[Result "0-1"]
[WhiteElo "1506"]
[BlackElo "1858"]
[PlyCount "48"]
[EventDate "2019.01.18"]
[EventType "swiss"]
[EventRounds "8"]
[EventCountry "ESP"]
[SourceTitle "CBM 189 Extra"]
[Source "ChessBase"]
[SourceDate "2019.06.03"]
[SourceVersion "1"]
[SourceVersionDate "2019.06.03"]
[SourceQuality "1"]

1. Nf3 Nf6 2. b3 e6 3. Bb2 d5 4. e3 Be7 5. Be2 c5 6. d3 Nc6 7. Nbd2 0-0 8. 0-0 Qc7 9. c4 b6 10. cxd5 exd5 11. d4 Bg4 12. h3 Bh5 13. g4 Bg6 14. Nh4 Nxg4 15. hxg4 Bxh4 16. Nf3 Be7 17. dxc5 Be4 18. cxb6 axb6 19. Nd4 Qd6 20. Nxc6 Qxc6 21. Rc1 Qh6 22. Bf3 Bd6 23. Re1 Qh2+ 24. Kf1 Qh3+ 0-1

[Event "Vall del Tenes op 4th"]
[Site "Santa Eulalia de Roncana"]
[Date "2015.05.22"]
[Round "6"]
[White "Cordomi Fons, Francesco"]
[Black "Jimenez Munoz, Jaume"]
[Result "1/2-1/2"]
[WhiteElo "2067"]
[BlackElo "2038"]
[PlyCount "77"]
[EventDate "2015.04.10"]
[EventType "swiss"]
[EventRounds "8"]
[EventCountry "ESP"]
[SourceTitle "CBM 166 Extra"]
[Source "ChessBase"]
[SourceDate "2015.06.18"]
[SourceVersion "1"]
[SourceVersionDate "2015.06.18"]
[SourceQuality "1"]

1. f4 Nf6 2. Nf3 e6 3. b3 d5 4. Bb2 Be7 5. e3 c5 6. c4 Nc6 7. Be2 0-0 8. 0-0 b6 9. Ne5 Bb7 10. Na3 d4 11. Bf3 Qc8 12. Nxc6 Bxc6 13. exd4 cxd4 14. Nc2 d3 15. Ne1 Rd8 16. Bxc6 Qxc6 17. Nf3 Qc5+ 18. Kh1 Ng4 19. Qe1 Qh5 20. Qg3 Bf6 21. Bxf6 Nxf6 22. Rfe1 Qa5 23. a3 Qc5 24. Re5 Qc7 25. Rg5 g6 26. Re1 Rd6 27. Qh4 Kg7 28. Rge5 Rad8 29. h3 h6 30. Qg3 Nd7 31. R5e3 Nf6 32. f5 exf5 33. Re7 R8d7 34. Nh4 Kf8 35. Rxf7+ Rxf7 36. Nxg6+ Kg7 37. Ne5+ Kf8 38. Ng6+ Kg7 39. Ne5+ 1/2-1/2

[Event "Vall del Tenes op 4th"]
[Site "Santa Eulalia de Roncana"]
[Date "2015.04.24"]
[Round "3"]
[White "Jimenez Munoz, Jaume"]
[Black "Barea Serra, Josep"]
[Result "1-0"]
[WhiteElo "2038"]
[BlackElo "1902"]
[PlyCount "93"]
[EventDate "2015.04.10"]
[EventType "swiss"]
[EventRounds "8"]
[EventCountry "ESP"]
[SourceTitle "CBM 166 Extra"]
[Source "ChessBase"]
[SourceDate "2015.06.18"]
[SourceVersion "1"]
[SourceVersionDate "2015.06.18"]
[SourceQuality "1"]

1. e4 Nf6 2. e5 Nd5 3. Nc3 Nxc3 4. bxc3 d5 5. d4 Bf5 6. Ne2 e6 7. Ng3 Bg6 8. Be2 Be7 9. 0-0 0-0 10. f4 f5 11. Rb1 b6 12. c4 c6 13. a4 Nd7 14. cxd5 cxd5 15. c4 Qc7 16. cxd5 exd5 17. Bf3 Qc4 18. Be3 Rac8 19. Rb5 Qc3 20. Bf2 Be8 21. Bxd5+ Kh8 22. Rb1 Nb8 23. Be6 Bd7 24. Ne2 Qc2 25. Bxd7 Nxd7 26. d5 Qxd1 27. Rfxd1 Bc5 28. Nd4 Bxd4 29. Bxd4 Rc4 30. Ra1 Rfc8 31. d6 Nf8 32. g3 Ne6 33. Be3 Kg8 34. a5 Rc3 35. d7 Rd8 36. Bf2 Rc6 37. Rab1 bxa5 38. Bxa7 Kf7 39. Bb6 Ra8 40. d8N+ Nxd8 41. Bxd8 a4 42. Rb7+ Ke8 43. Rxg7 Rxd8 44. Rg8+ Ke7 45. Rgxd8 Ra6 46. R8d7+ Ke8 47. Rxh7 1-0

[Event "Barcelona op-B"]
[Site "Barcelona"]
[Date "1998.??.??"]
[Round "3"]
[White "Malsch, Ulrich"]
[Black "Jimenez Munoz, Jaume"]
[Result "0-1"]
[WhiteElo "1965"]
[BlackElo "2050"]
[PlyCount "104"]
[EventDate "1998.??.??"]
[EventType "swiss"]
[EventRounds "8"]
[EventCountry "ESP"]
[SourceTitle "EXT 2019"]
[Source "ChessBase"]
[SourceDate "2018.10.10"]
[SourceVersion "1"]
[SourceVersionDate "2018.10.10"]
[SourceQuality "1"]

1. e4 e6 2. d4 d5 3. Nc3 Nf6 4. e5 Nfd7 5. f4 a6 6. Nf3 c5 7. Be3 Nc6 8. Qd2 Qb6 9. 0-0-0 Qc7 10. Kb1 cxd4 11. Nxd4 Be7 12. g4 b5 13. Nxc6 Qxc6 14. Bd4 Nc5 15. Bg2 Bb7 16. f5 b4 17. Ne2 Ne4 18. Bxe4 dxe4 19. Qe3 Rc8 20. Rc1 a5 21. c3 Qa6 22. cxb4 Rxc1+ 23. Rxc1 Bxb4 24. Nc3 Qd3+ 25. Qxd3 exd3 26. Rd1 Ba6 27. Ne4 0-0 28. Bc5 Rc8 29. Bxb4 axb4 30. Rc1 Rd8 31. Nd2 exf5 32. gxf5 Bc8 33. Rc4 Bxf5 34. Rxb4 g5 35. a4 Rc8 36. Ka2 Rc2 37. Nf3 Rf2 38. Nh4 gxh4 39. a5 Be6+ 40. Ka3 Rf1 41. Rd4 Re1 42. Rxd3 Rxe5 43. Rd8+ Kg7 44. b4 Bc4 45. Rd6 Re6 46. Rxe6 fxe6 47. Ka4 e5 48. b5 e4 49. Kb4 e3 50. Kxc4 e2 51. a6 e1Q 52. a7 Qe4+ 0-1